000 00941nam a22002775i 4500
001 169223
003 ES-MaACL
005 20230906214031.0
008 080822s2003 sp |||| | spa d
017 _aB-32.174-2003
020 _a84-7664-823-5
080 _a791.43 Mik, Aernout (083.824)
100 1 _aMik, Aernout.
_9138305
245 1 0 _aAernout Mik
_b: exposición producida y organizada por la Fundación "la Caixa", CaixaForum, Barcelona, julio-septiembre 2003.
250 _a1ª ed.
260 _aBarcelona :
_bFundación "la Caixa",
_c2003.
300 _a101 p. :
_bprincipalmente fot. ;
_c21 x 21 cm.
504 _aBibliografía.
546 _aTextos en español e inglés.
600 1 4 _aMik, Aernout-
_vExposiciones.
_9138307
655 7 _2tgfbne
_9193628
_aCatálogos de exposiciones
710 2 _aFundació "la Caixa"
_9173255
852 4 _aES-MaACL
_jL-29553
942 _2udc
999 _c169223
_d169223